Walkers Crisps Flavors - Statistics

General Stats
  • This quiz has been taken 454 times
    453 since last reset
  • The average score is 6 of 11
Answer Stats
Answer % Correct
Cheese and Onion
96%
Salt and Vinegar
96%
Ready Salted
95%
Prawn Cocktail
90%
Roast Chicken
76%
Smoky Bacon
61%
Worcester Sauce
46%
Pickled Onion
37%
Tomato Ketchup
33%
Sour Cream and Chive
11%
Cheddar Cheese and Bacon
4%
No matching quizzes found
Score Distribution
Percent of People with Each Score
Percentile by Number Answered
Your Score History
You have not taken this quiz since the last reset